[Event "World Rapid Team 2023"]
[Site "Dusseldorf GER"]
[Date "2023.08.28"]
[Round "10.13"]
[Board "5"]
[White "Groeschel, Karoline"]
[Black "Alonso, Jose Antonio"]
[Result "0-1"]
[WhiteElo "1934"]
[BlackElo "1836"]
[WhiteTeam "Deutsche Schachjugend 1"]
[BlackTeam "Blerickse Schaakvereniging"]
[WhiteFideId "34610537"]
[BlackFideId "16213130"]
[EventDate "2023.08.26"]

1. e4 d5 2. exd5 Nf6 3. d4 Bg4 4. Bb5+ Nbd7 5. Be2 Bxe2 6. Qxe2 Nxd5 7. Nf3 e6
8. c4 Bb4+ 9. Bd2 Bxd2+ 10. Nbxd2 Nf4 11. Qe4 Ng6 12. O-O c6 13. Qe3 O-O 14.
Rad1 Qa5 15. a3 Rad8 16. b4 Qc7 17. Ne4 b6 18. Rfe1 Qf4 19. Qxf4 Nxf4 20. g3 Ng6
21. c5 b5 22. Nd6 Nf6 23. Ne5 Nxe5 24. dxe5 Nd5 25. f4 Rd7 26. Rd3 Ra8 27. Ne4
a5 28. Nc3 axb4 29. Nxd5 exd5 30. axb4 Ra2 31. e6 Re7 32. Rde3 f6 33. f5 Rb2 34.
Ra3 g6 35. Ra8+ Kg7 36. Rc8 Rxb4 37. Rxc6 gxf5 38. Rd6 Re4 39. Rxe4 fxe4 40. c6
f5 41. Kf2 Kf6 42. Rxd5 Kxe6 43. Rxb5 Rc7 44. Rc5 Kf6 45. Ke3 Kg5 46. h3 h5 47.
Rc3 h4 0-1

[Event "World Rapid Team 2023"]
[Site "Dusseldorf GER"]
[Date "2023.08.28"]
[Round "10.13"]
[Board "6"]
[White "Hartjes, Jenny"]
[Black "Andrade, Ruben"]
[Result "0-1"]
[WhiteElo "1685"]
[BlackElo "1797"]
[WhiteTeam "Blerickse Schaakvereniging"]
[BlackTeam "Deutsche Schachjugend 1"]
[WhiteFideId "16222334"]
[BlackFideId "16246829"]
[EventDate "2023.08.26"]

1. d4 f5 2. Nf3 Nf6 3. c4 g6 4. Nc3 Bg7 5. g3 O-O 6. Bg2 d6 7. O-O c6 8. Re1 Ne4
9. Ng5 Nxc3 10. bxc3 e5 11. f3 h6 12. Nh3 f4 13. gxf4 Bxh3 14. Bxh3 exf4 15.
Be6+ Kh8 16. Qd3 Qf6 17. d5 Qxc3 18. Ba3 Qxd3 19. exd3 Bxa1 20. Rxa1 c5 21. Kf2
Na6 22. Rg1 Kh7 23. h4 h5 24. Rb1 b6 25. Re1 Rae8 26. Rg1 Nc7 27. Bd7 Re7 28.
Bh3 Re3 29. Bf1 Ne8 30. Bc1 Re7 31. Bd2 Ng7 32. Kg2 Nf5 33. Kh3 Nd4 34. Kg2 b5
35. a3 bxc4 36. dxc4 Rb7 37. Kh1 Nxf3 38. Rg2 Nxd2 39. Rxd2 Rb3 40. a4 Rb1 41.
Kg2 f3+ 42. Kf2 Ra1 43. Rb2 Rxa4 44. Rb7+ Kh6 45. Rd7 Ra2+ 46. Kg3 Rf6 47. Re7
a5 48. Re3 a4 49. Re6 Rxe6 50. dxe6 Kg7 51. Kxf3 Kf6 52. Bh3 Ra3+ 53. Kg2 Rxh3
54. Kxh3 Kxe6 0-1

[Event "World Rapid Team 2023"]
[Site "Dusseldorf GER"]
[Date "2023.08.28"]
[Round "10.14"]
[Board "1"]
[White "Lux, Hugo de Melo"]
[Black "Fromm, Marius"]
[Result "0-1"]
[WhiteTitle "FM"]
[BlackTitle "FM"]
[WhiteElo "2324"]
[BlackElo "2458"]
[WhiteTeam "Ecole Polytechnique Francaise de Lausanne"]
[BlackTeam "Doppelbauer Kiel"]
[WhiteFideId "2138298"]
[BlackFideId "12993190"]
[EventDate "2023.08.26"]

1. e4 c5 2. Nf3 d6 3. d4 cxd4 4. Nxd4 Nf6 5. Qd3 Nc6 6. Be2 g6 7. c4 Bg7 8. Nc3
Nxd4 9. Qxd4 O-O 10. O-O Be6 11. Qe3 a6 12. a4 Rc8 13. Nd5 Nd7 14. Rb1 Nc5 15.
b3 Bd7 16. Bb2 Bxb2 17. Rxb2 e6 18. Nc3 Bc6 19. Rd1 Qe7 20. a5 e5 21. b4 Na4 22.
Nxa4 Bxa4 23. Ra1 Bd7 24. b5 Be6 25. bxa6 bxa6 26. Rb6 Bxc4 27. Bxc4 Rxc4 28.
Rxa6 Qb7 29. Rxd6 Rxe4 30. Qb6 Rb4 31. Qxb7 Rxb7 32. a6 Ra7 33. Rb6 Rfa8 34. h4
Kg7 35. Ra5 h5 36. Kh2 Re8 37. Rb7 Rea8 38. Rxa7 Rxa7 39. Kg3 Kf6 40. f4 exf4+
41. Kxf4 Ke6 42. Kg5 Ke7 43. Re5+ Kd6 44. Ra5 Ke7 45. Ra1 Ke6 46. Rf1 Kd5 47.
Rf6 Ke5 48. Rb6 Kd5 49. Kf6 Ke4 50. Kg5 Ke5 51. Rb5+ Ke4 52. Ra5 Ke3 53. Ra2 Ke4
54. Kf6 Kf4 55. Ra3 Kg4 56. g3 Kh3 57. Kg5 Kg2 58. Kf4 Kh3 59. g4+ Kxh4 60. g5
f5 61. gxf6 g5+ 62. Kf5 g4 63. Kg6 g3 64. f7 g2 65. Ra4+ Kh3 66. Kxh5 Rxf7 67.
Ra3+ Kh2 68. Ra2 Kh1 69. a7 Rxa7 70. Rxa7 g1=Q 71. Rh7 Qg8 72. Rh6 Kh2 73. Rg6
Qf7 74. Kh4 Qf4+ 75. Kh5 Kh3 76. Rg5 Qf7+ 77. Kh6 Qf8+ 78. Kh7 Qf7+ 79. Kh8 Qf6+
80. Rg7 Kh4 81. Kg8 Qe6+ 82. Kh8 Kh5 83. Rh7+ Kg5 84. Rg7+ Kf5 85. Rf7+ Ke5 86.
Kg8 Qg6+ 87. Kh8 Qh5+ 88. Kg7 Ke6 89. Rf6+ Ke7 90. Rg6 Qe5+ 91. Kg8 Qb8+ 92. Kh7
Qe5 93. Kg8 Qd5+ 94. Kh8 Kf7 95. Rg7+ Kf8 0-1

[Event "World Rapid Team 2023"]
[Site "Dusseldorf GER"]
[Date "2023.08.28"]
[Round "10.14"]
[Board "2"]
[White "Arndt, Magnus"]
[Black "Pak, Alexander"]
[Result "1-0"]
[WhiteTitle "FM"]
[WhiteElo "2405"]
[BlackElo "2170"]
[WhiteTeam "Doppelbauer Kiel"]
[BlackTeam "Ecole Polytechnique Francaise de Lausanne"]
[WhiteFideId "12998656"]
[BlackFideId "4164717"]
[EventDate "2023.08.26"]

1. d4 d5 2. c4 c6 3. Nf3 Nf6 4. g3 Bf5 5. Nc3 e6 6. Qb3 Qb6 7. c5 Qxb3 8. axb3
Bc2 9. b4 Na6 10. b5 Nb4 11. Bf4 Be7 12. Bg2 O-O 13. O-O b6 14. cxb6 axb6 15.
bxc6 Nxc6 16. Rfc1 Nb4 17. Bc7 Nd7 18. Ne1 Bb3 19. e4 dxe4 20. Bxe4 Nd5 21. Nxd5
Bxd5 22. Bxd5 exd5 23. Nd3 Bf6 24. Ne5 Rxa1 25. Rxa1 Nxe5 26. dxe5 Bd8 27. Bd6
Re8 28. Ra8 f6 29. Bc7 Bxc7 30. Rxe8+ Kf7 31. Rc8 Bxe5 32. b3 Bd6 33. Kf1 Bc5
34. Rc7+ Kg6 35. Rd7 d4 36. Ke2 f5 37. f3 Kf6 38. Kd3 h5 39. Kc4 g6 40. b4 Ke6
41. bxc5 Kxd7 42. cxb6 Kc6 43. Kxd4 Kxb6 44. Ke5 Kc5 45. Kf6 Kd4 46. Kxg6 Ke3
47. Kxf5 Kxf3 48. Kg5 1-0

[Event "World Rapid Team 2023"]
[Site "Dusseldorf GER"]
[Date "2023.08.28"]
[Round "10.14"]
[Board "3"]
[White "Deregnaucourt, Lucas"]
[Black "Ermitsch, Magnus"]
[Result "0-1"]
[BlackTitle "FM"]
[WhiteElo "2076"]
[BlackElo "2221"]
[WhiteTeam "Ecole Polytechnique Francaise de Lausanne"]
[BlackTeam "Doppelbauer Kiel"]
[WhiteFideId "26057794"]
[BlackFideId "16234464"]
[EventDate "2023.08.26"]

1. c4 c6 2. g3 Nf6 3. Nf3 d5 4. Bg2 Bf5 5. b3 e6 6. O-O Nbd7 7. Bb2 Be7 8. d3 h6
9. Nc3 O-O 10. Re1 e5 11. cxd5 cxd5 12. e4 dxe4 13. dxe4 Bh7 14. Nh4 Nc5 15. Nf5
Bxf5 16. exf5 Nd3 17. Re2 Nxb2 18. Rxb2 Qc8 19. Nd5 Nxd5 20. Qxd5 Qxf5 21. Re2
Rad8 22. Qxb7 Bc5 23. Qe4 Qxe4 24. Bxe4 f5 25. Bc6 f4 26. g4 f3 27. Rc2 Bd4 28.
Rac1 Rf4 29. h3 e4 30. Kh2 e3 31. fxe3 Bxe3 32. Rf1 f2 33. Bg2 Rfd4 34. Bf3 Rd2
35. Rxd2 Rxd2 36. Kg2 Rxa2 37. Rd1 Bb6 38. Bd5+ Kh7 39. Bc4 Kg6 40. h4 Kf6 41.
Rd5 g5 42. hxg5+ hxg5 43. Rf5+ Kg6 44. Rd5 Ra1 45. Rd6+ Kg7 46. Bf1 Rb1 47. Rd7+
Kf6 48. Rd3 Ke5 49. Rf3 Kd4 50. Rf5 Ke4 51. Rxg5 Kf4 52. Rg8 Rxb3 53. Rf8+ Kxg4
54. Be2+ Kg5 55. Rg8+ Kf6 56. Rf8+ Ke5 57. Re8+ Kd6 58. Re6+ Kxe6 59. Bc4+ Kd6
60. Bxb3 Kc5 61. Bd1 Kb4 0-1

[Event "World Rapid Team 2023"]
[Site "Dusseldorf GER"]
[Date "2023.08.28"]
[Round "10.14"]
[Board "4"]
[White "Vollbehr, Bjarne"]
[Black "Pheng, Wissam"]
[Result "1-0"]
[WhiteElo "1871"]
[BlackElo "1940"]
[WhiteTeam "Doppelbauer Kiel"]
[BlackTeam "Ecole Polytechnique Francaise de Lausanne"]
[WhiteFideId "34606025"]
[BlackFideId "26008505"]
[EventDate "2023.08.26"]

1. d4 d5 2. Nf3 c6 3. c4 dxc4 4. g3 b5 5. Bg2 e6 6. Ne5 Bb7 7. a4 a6 8. O-O Nf6
9. b3 cxb3 10. Bb2 Qc7 11. Qxb3 Nbd7 12. Rc1 Nxe5 13. dxe5 Nd5 14. axb5 Qb6 15.
Nc3 Nxc3 16. Bxc3 axb5 17. Rxa8+ Bxa8 18. Ra1 Bb7 19. Qd1 Bc5 20. Ba5 Bxf2+ 21.
Kf1 Qd4 22. Qxd4 Bxd4 23. Rd1 O-O 24. Rxd4 c5 25. Rd8 Bxg2+ 26. Kxg2 b4 27.
Rxf8+ Kxf8 28. Bb6 Ke8 29. Bxc5 b3 30. Bd4 Kd7 31. Kf3 Kc6 32. Ke4 Kb5 33. Kd3
Kb4 34. Bb2 g6 35. e4 h6 36. g4 h5 37. gxh5 gxh5 38. h4 Kb5 39. Kc3 Kc5 40. Kxb3
Kb5 41. Kc3 Kc5 42. Ba3+ Kb5 43. Be7 Kc6 44. Kd3 Kb5 45. Ke3 Kc4 46. Bf6 Kc3 47.
Kf4 Kd4 48. Kg5 Kxe4 49. Kxh5 Kf5 50. Kh6 Kf4 51. Kg7 Kg4 52. Kxf7 Kh5 53. Kxe6
Kg6 54. Kd7 Kh5 55. e6 Kh6 56. Bg5+ Kg7 57. e7 Kh7 58. e8=Q Kg7 59. Ke6 Kh7 60.
Qf7+ Kh8 61. Bf6# 1-0

[Event "World Rapid Team 2023"]
[Site "Dusseldorf GER"]
[Date "2023.08.28"]
[Round "10.14"]
[Board "5"]
[White "Wasserfallen, Benedict"]
[Black "Braeutigam, Alexander"]
[Result "1-0"]
[WhiteElo "1853"]
[BlackElo "1911"]
[WhiteTeam "Ecole Polytechnique Francaise de Lausanne"]
[BlackTeam "Doppelbauer Kiel"]
[WhiteFideId "1344927"]
[BlackFideId "16245210"]
[EventDate "2023.08.26"]

1. e4 c5 2. Nc3 d6 3. d4 cxd4 4. Qxd4 Nc6 5. Qd2 Nf6 6. b3 e6 7. Bb2 Be7 8.
O-O-O a6 9. Kb1 b5 10. f3 Bb7 11. g4 Qb6 12. Bg2 a5 13. Nge2 a4 14. Nd4 axb3 15.
axb3 Nxd4 16. Qxd4 Qa5 17. e5 dxe5 18. Qxe5 O-O 19. Qxb5 Qxb5 20. Nxb5 Bc6 21.
Nd4 Bb7 22. h3 1-0

[Event "World Rapid Team 2023"]
[Site "Dusseldorf GER"]
[Date "2023.08.28"]
[Round "10.14"]
[Board "6"]
[White "Braeutigam, Katerina"]
[Black "Pheng, Sophia"]
[Result "1-0"]
[WhiteElo "1884"]
[BlackElo "1128"]
[WhiteTeam "Doppelbauer Kiel"]
[BlackTeam "Ecole Polytechnique Francaise de Lausanne"]
[WhiteFideId "16242980"]
[BlackFideId "26066602"]
[EventDate "2023.08.26"]

1. e4 e5 2. Nf3 Nc6 3. Bb5 Nf6 4. d3 g6 5. Bxc6 dxc6 6. Nxe5 Bg7 7. Nf3 O-O 8.
O-O Re8 9. Nc3 Nh5 10. Bg5 Bf6 11. Bxf6 Qxf6 12. h3 Nf4 13. e5 Qg7 14. Ne4 Kh8
15. Nf6 Re7 16. Qd2 g5 17. h4 g4 18. Qxf4 gxf3 19. g3 Bd7 20. Rfe1 Rf8 21. Qxf3
Bc8 22. Re3 Re6 23. Rae1 Qg6 24. Re4 Rxf6 25. Qxf6+ Qxf6 26. exf6 Bd7 27. Re7 h6
28. Rxd7 Kh7 29. h5 Kg8 30. Rxc7 b5 31. Rxa7 c5 32. Re5 c4 33. Rxb5 cxd3 34.
cxd3 Kh8 35. Rbb7 Kg8 36. Kg2 Kh8 37. Rxf7 Rxf7 38. Rxf7 Kg8 39. Re7 Kf8 40. a4
Kg8 41. a5 1-0

[Event "World Rapid Team 2023"]
[Site "Dusseldorf GER"]
[Date "2023.08.28"]
[Round "10.15"]
[Board "1"]
[White "Shamsi, Mohammadhossein"]
[Black "Niering, Martin"]
[Result "1-0"]
[WhiteTitle "CM"]
[WhiteElo "2217"]
[BlackElo "2156"]
[WhiteTeam "PhileKhoob Chess Club"]
[BlackTeam "MagdeBurg and Friends"]
[WhiteFideId "12507326"]
[BlackFideId "4612817"]
[EventDate "2023.08.26"]

1. e4 d6 2. d4 Nf6 3. Nc3 e5 4. Nge2 Nbd7 5. g3 c6 6. a4 Be7 7. Bg2 O-O 8. O-O
b6 9. h3 Bb7 10. Be3 a6 11. g4 b5 12. Ng3 b4 13. Nce2 g6 14. c3 bxc3 15. bxc3
Ne8 16. f4 exf4 17. Nxf4 Bh4 18. Kh2 Ng7 19. Rb1 Rb8 20. Qd2 Qa5 21. Qc2 Nb6 22.
d5 Nc4 23. Ba7 Na3 24. Qb3 Nxb1 25. Rxb1 Qc7 26. Bxb8 Rxb8 27. dxc6 Bxg3+ 28.
Kxg3 d5 29. Qxb7 Rxb7 30. cxb7 Qb8 31. e5 f6 32. Bxd5+ Kf8 33. Rb6 fxe5 34. Ne2
Ne8 35. Rxa6 e4+ 36. Kg2 Qe5 37. Ra8 Qxd5 38. b8=Q e3+ 39. Kh2 Qf3 40. Qxe8+ Kg7
41. Qe5+ 1-0

[Event "World Rapid Team 2023"]
[Site "Dusseldorf GER"]
[Date "2023.08.28"]
[Round "10.15"]
[Board "2"]
[White "Kuhne, Detlev"]
[Black "Juegel, Marcel"]
[Result "1/2-1/2"]
[WhiteElo "2050"]
[BlackElo "2164"]
[WhiteTeam "MagdeBurg and Friends"]
[BlackTeam "PhileKhoob Chess Club"]
[WhiteFideId "4642872"]
[BlackFideId "24621625"]
[EventDate "2023.08.26"]

1. Nf3 e6 2. c4 b6 3. g3 Bb7 4. Bg2 f5 5. O-O Nf6 6. d4 Be7 7. Nc3 Ne4 8. Qc2
Nxc3 9. Qxc3 O-O 10. b3 Qe8 11. Bb2 Qh5 12. Qd2 Bf6 13. Rad1 Be4 14. d5 Bxb2 15.
Qxb2 Rf6 16. dxe6 Rxe6 17. h4 h6 18. Nd4 Re8 19. Bxe4 Rxe4 20. e3 Na6 21. Qe2
Qf7 22. Qf3 Rf8 23. Ne2 Nb4 24. Nc3 Rg4 25. a3 Nc6 26. Nd5 Ne5 27. Qg2 c6 28.
Nf4 Ng6 29. Nxg6 Rxg6 30. Rd4 Rd8 31. Rfd1 Qe7 32. b4 Rg4 33. Rxg4 fxg4 34. Rd4
h5 35. Qe4 Qxe4 36. Rxe4 Kf7 37. Kf1 d5 38. Rd4 Ke6 39. Ke2 Rf8 40. cxd5+ cxd5
41. e4 dxe4 42. Rxe4+ Kd5 43. Re7 a5 44. bxa5 bxa5 45. Rxg7 Rf5 46. Rg5 Rxg5 47.
hxg5 Ke5 48. Kd3 Kf5 49. Kc4 Kxg5 50. Kb5 Kf5 51. Kxa5 Ke4 52. Kb5 Kf3 53. a4
Kxf2 54. a5 Kxg3 55. a6 h4 56. a7 Kh2 57. a8=Q g3 58. Qb8 h3 59. Kc4 Kg2 60.
Qb7+ Kg1 61. Qb1+ Kh2 62. Qb8 Kg2 63. Qb7+ Kh2 64. Qc7 Kg2 65. Qc6+ Kh2 66. Qd6
Kg2 67. Qd5+ Kh2 68. Qe5 Kg2 69. Qe4+ Kh2 70. Qf4 Kg2 71. Kd3 h2 72. Ke2 h1=Q
73. Qf3+ Kh2 74. Qh5+ Kg1 75. Qc5+ 1/2-1/2

[Event "World Rapid Team 2023"]
[Site "Dusseldorf GER"]
[Date "2023.08.28"]
[Round "10.15"]
[Board "3"]
[White "Kuckling, Hannah"]
[Black "Berndt, Matthias"]
[Result "1-0"]
[WhiteTitle "WFM"]
[WhiteElo "2057"]
[BlackElo "2072"]
[WhiteTeam "PhileKhoob Chess Club"]
[BlackTeam "MagdeBurg and Friends"]
[WhiteFideId "24603660"]
[BlackFideId "4622839"]
[EventDate "2023.08.26"]

1. e4 e6 2. Qe2 b6 3. g3 Bb7 4. Bg2 Nf6 5. f4 d5 6. e5 Nfd7 7. d4 c5 8. c3 Ba6
9. Qf2 Nc6 10. Ne2 cxd4 11. cxd4 Nb4 12. O-O Nc2 13. Nbc3 Nxa1 14. f5 Nxe5 15.
fxe6 fxe6 16. Qf4 Bd6 17. dxe5 Bc5+ 18. Kh1 Qd7 19. Qh4 Nc2 20. Bf3 Ne3 21. Bxe3
Bxe3 22. Bh5+ g6 23. Bxg6+ 1-0

[Event "World Rapid Team 2023"]
[Site "Dusseldorf GER"]
[Date "2023.08.28"]
[Round "10.15"]
[Board "4"]
[White "Domsgen, Bernd"]
[Black "Bahmani, Koorosh"]
[Result "0-1"]
[WhiteElo "1917"]
[BlackElo "1873"]
[WhiteTeam "MagdeBurg and Friends"]
[BlackTeam "PhileKhoob Chess Club"]
[WhiteFideId "24629073"]
[BlackFideId "42576750"]
[EventDate "2023.08.26"]

1. e4 c6 2. d4 d5 3. e5 Bf5 4. g4 Be4 5. f3 Bg6 6. h4 h5 7. e6 Qd6 8. exf7+ Bxf7
9. Kf2 Nd7 10. g5 e5 11. Ne2 O-O-O 12. Ng3 Qc7 13. Bh3 Kb8 14. c3 Bg6 15. Be3
Bd6 16. Qc1 exd4 17. Bxd4 Bxg3+ 18. Kg2 Bxh4 19. f4 Be4+ 20. Kh2 Bxg5 21. Rf1
Rf8 22. Be5 Nxe5 23. fxg5 Ng4+ 0-1

[Event "World Rapid Team 2023"]
[Site "Dusseldorf GER"]
[Date "2023.08.28"]
[Round "10.15"]
[Board "6"]
[White "Meffert, Claudia"]
[Black "Mirzaiee Rad, Javad"]
[Result "0-1"]
[WhiteElo "1733"]
[BlackElo "1721"]
[WhiteTeam "MagdeBurg and Friends"]
[BlackTeam "PhileKhoob Chess Club"]
[WhiteFideId "12961515"]
[BlackFideId "42543819"]
[EventDate "2023.08.26"]

1. d4 Nf6 2. c4 g6 3. Nc3 Bg7 4. Nf3 O-O 5. e3 d6 6. Be2 Nbd7 7. O-O c5 8. d5
Ng4 9. Ng5 Ndf6 10. h3 Ne5 11. f4 Ned7 12. e4 Nb6 13. e5 Ne8 14. Nce4 dxe5 15.
fxe5 Bxe5 16. Nxc5 Qc7 17. Be3 Bxb2 18. Rb1 Bf6 19. Nge4 Bg7 20. Qc2 Bf5 21. Bd3
Rc8 22. a4 Nd6 23. Nxd6 Bxd3 24. Qxd3 exd6 25. Nxb7 Qxc4 26. Qxc4 Nxc4 27. Bf4
Be5 28. Bxe5 Nxe5 29. Nxd6 Rcd8 30. Nb5 Rxd5 31. Nxa7 Ra5 32. Rb5 Rxa7 33. Rxe5
Rxa4 34. Kh2 Kg7 35. Re7 Ra6 36. g4 Rf6 37. Rfe1 Rb8 38. g5 Rf3 39. Kg2 Rbb3 40.
h4 Rg3+ 41. Kf2 Rh3 42. R1e4 Rh2+ 43. Kg1 Rc2 44. Re1 Rg3+ 45. Kf1 Rh3 46. R7e4
Rh1# 0-1

[Event "World Rapid Team 2023"]
[Site "Dusseldorf GER"]
[Date "2023.08.28"]
[Round "10.16"]
[Board "1"]
[White "Seel, Christian"]
[Black "Kraus, Sebastian"]
[Result "1-0"]
[WhiteTitle "IM"]
[WhiteElo "2477"]
[BlackElo "1904"]
[WhiteTeam "Aachener Schachverein von 1856"]
[BlackTeam "Unischach Bayreuth"]
[WhiteFideId "4663098"]
[BlackFideId "24690260"]
[EventDate "2023.08.26"]

1. c4 e6 2. Nf3 d5 3. e3 Nf6 4. b3 Nbd7 5. Bb2 Be7 6. g4 Nxg4 7. Rg1 Bf6 8. d4
Nh6 9. cxd5 exd5 10. Bd3 Nc5 11. Bc2 Ne4 12. Bxe4 dxe4 13. Nfd2 Qd6 14. Rg3 Bf5
15. Nc3 Bh4 16. Rg2 O-O-O 17. Qh5 Qe7 18. Rxg7 Qf6 19. Rg2 Rhg8 20. Ndxe4 Bxe4
21. Nxe4 Qe7 22. Ng3 Bxg3 23. Rxg3 Rxg3 24. hxg3 Qe4 25. Qxh6 Qc2 26. Rd1 Qxb2
27. Qxh7 Qxa2 28. Qd3 Rh8 29. Kf1 Rh2 30. Qf5+ Kb8 31. Qxf7 a5 32. Kg1 Rh8 33.
Rc1 c6 34. Kg2 Qa3 35. Rc5 Qa1 36. Rh5 Rxh5 37. Qxh5 Qa3 38. g4 Qxb3 39. Qxa5
Qe6 40. Qe5+ 1-0

[Event "World Rapid Team 2023"]
[Site "Dusseldorf GER"]
[Date "2023.08.28"]
[Round "10.16"]
[Board "2"]
[White "Braun, Kristin"]
[Black "Koch, Thomas1"]
[Result "0-1"]
[BlackTitle "IM"]
[WhiteElo "1906"]
[BlackElo "2426"]
[WhiteTeam "Unischach Bayreuth"]
[BlackTeam "Aachener Schachverein von 1856"]
[WhiteFideId "24656534"]
[BlackFideId "4600533"]
[EventDate "2023.08.26"]

1. e4 c5 2. Nf3 d6 3. d4 cxd4 4. Nxd4 Nf6 5. Nc3 a6 6. Be2 e6 7. O-O Be7 8. Be3
O-O 9. f4 Qc7 10. Bf3 Nc6 11. Nxc6 bxc6 12. Na4 Rb8 13. c4 c5 14. b3 Bb7 15. Nc3
Bc6 16. Qc2 Nd7 17. Rad1 Rb4 18. Rd3 Nb8 19. Rfd1 Be8 20. f5 Nc6 21. fxe6 fxe6
22. Bg4 Bd7 23. Bxc5 dxc5 24. Rxd7 Qe5 25. Ne2 Rb6 26. Qd3 h5 27. Bh3 Nb4 28.
Qg3 Bf6 29. a3 Nc2 30. R7d6 Rxd6 31. Rxd6 Qa1+ 32. Kf2 Bd4# 0-1

[Event "World Rapid Team 2023"]
[Site "Dusseldorf GER"]
[Date "2023.08.28"]
[Round "10.16"]
[Board "3"]
[White "Klein, Felix"]
[Black "Strahl, Christian"]
[Result "1-0"]
[WhiteTitle "FM"]
[WhiteElo "2300"]
[BlackElo "1857"]
[WhiteTeam "Aachener Schachverein von 1856"]
[BlackTeam "Unischach Bayreuth"]
[WhiteFideId "24600458"]
[BlackFideId "12955019"]
[EventDate "2023.08.26"]

1. e4 c6 2. d4 d5 3. Nc3 dxe4 4. Nxe4 Nd7 5. Ng5 Ngf6 6. Bd3 e6 7. N1f3 Bd6 8.
Qe2 h6 9. Ne4 Nxe4 10. Qxe4 Nf6 11. Qe2 c5 12. dxc5 Bxc5 13. O-O O-O 14. c4 Bd7
15. Bd2 Bc6 16. Bc3 Qe7 17. Ne5 Rfd8 18. Nxc6 bxc6 19. Rad1 Rd7 20. Bc2 Rad8 21.
Rxd7 Rxd7 22. Qf3 Rc7 23. Rd1 Rc8 24. h3 Bd6 25. Bxf6 gxf6 26. Qd3 1-0

[Event "World Rapid Team 2023"]
[Site "Dusseldorf GER"]
[Date "2023.08.28"]
[Round "10.16"]
[Board "4"]
[White "Glock, Benjamin"]
[Black "Ahn, Martin"]
[Result "1/2-1/2"]
[BlackTitle "FM"]
[WhiteElo "1782"]
[BlackElo "2153"]
[WhiteTeam "Unischach Bayreuth"]
[BlackTeam "Aachener Schachverein von 1856"]
[WhiteFideId "12942103"]
[BlackFideId "200972"]
[EventDate "2023.08.26"]

1. d4 Nf6 2. Nf3 g6 3. g3 Bg7 4. Bg2 O-O 5. O-O d6 6. c4 Nbd7 7. Nc3 e5 8. dxe5
dxe5 9. e4 c6 10. Qe2 Qc7 11. b3 Re8 12. Bb2 Nf8 13. Rfd1 Bg4 14. h3 Bxf3 15.
Qxf3 Ne6 16. Ne2 Rad8 17. Qe3 Bf8 18. Qc3 Nd7 19. Rd2 Bc5 20. b4 1/2-1/2

[Event "World Rapid Team 2023"]
[Site "Dusseldorf GER"]
[Date "2023.08.28"]
[Round "10.16"]
[Board "5"]
[White "Rache, Ralf"]
[Black "Holoubek, Jonas"]
[Result "0-1"]
[WhiteElo "1914"]
[BlackElo "1570"]
[WhiteTeam "Aachener Schachverein von 1856"]
[BlackTeam "Unischach Bayreuth"]
[WhiteFideId "1270447"]
[BlackFideId "16283260"]
[EventDate "2023.08.26"]

1. e4 d5 2. exd5 Nf6 3. d4 Nxd5 4. c4 Nb4 5. Be3 Bf5 6. Na3 e5 7. Nf3 e4 8. Ne5
f6 9. Qa4+ c6 10. c5 a5 11. Nec4 Nd5 12. Nc2 Nd7 13. Be2 Be7 14. Bd2 O-O 15.
N2e3 Nxe3 16. Nxe3 Bg6 17. Qb3+ Kh8 18. Qxb7 Rb8 19. Qxc6 Rxb2 20. Bc3 Rb8 21.
O-O f5 22. Rab1 Rc8 23. Qa4 f4 24. Nd5 Nxc5 25. dxc5 Qxd5 26. Rfc1 f3 27. Bc4
Qg5 28. g3 Rb8 29. Rxb8 Qxc1+ 0-1

[Event "World Rapid Team 2023"]
[Site "Dusseldorf GER"]
[Date "2023.08.28"]
[Round "10.16"]
[Board "6"]
[White "Hollstein, Jonas"]
[Black "Ahn, Anastasia"]
[Result "1-0"]
[WhiteElo "1495"]
[BlackElo "1592"]
[WhiteTeam "Unischach Bayreuth"]
[BlackTeam "Aachener Schachverein von 1856"]
[WhiteFideId "16266870"]
[BlackFideId "252220"]
[EventDate "2023.08.26"]

1. e4 c5 2. Nc3 Nc6 3. g3 g6 4. Bg2 Bg7 5. d3 e6 6. Be3 d6 7. Bh6 Nge7 8. Qd2
O-O 9. h4 d5 10. h5 dxe4 11. hxg6 fxg6 12. Bxg7 Kxg7 13. Qh6+ Kf7 14. Nxe4 Qa5+
15. c3 Rd8 16. Qxh7+ Kf8 17. Nf6 Nf5 18. Qh8+ Ke7 19. Rh7+ Kd6 20. Ne4+ Kd5 21.
Nd2+ Kd6 22. Nc4# 1-0

[Event "World Rapid Team 2023"]
[Site "Dusseldorf GER"]
[Date "2023.08.28"]
[Round "10.17"]
[Board "1"]
[White "Hagner, Bennet"]
[Black "Helbig, Mark"]
[Result "0-1"]
[WhiteTitle "FM"]
[BlackTitle "FM"]
[WhiteElo "2323"]
[BlackElo "2307"]
[WhiteTeam "Mitropa Chess Association"]
[BlackTeam "Neustadt Weinstrasse"]
[WhiteFideId "16224477"]
[BlackFideId "4675622"]
[EventDate "2023.08.26"]

1. Nf3 Nf6 2. e3 d5 3. c4 dxc4 4. Bxc4 e6 5. O-O a6 6. b3 b5 7. Be2 Bb7 8. Bb2
Nbd7 9. d3 Be7 10. e4 c5 11. Nbd2 O-O 12. Qc2 Rc8 13. Rfd1 Qb6 14. h3 Rfd8 15.
Rac1 Qc7 16. Qb1 Qf4 17. Nf1 Qh6 18. Ne3 Nh5 19. Bf1 f5 20. Nh2 Rf8 21. a4 Bd6
22. exf5 Qf4 23. Nhg4 exf5 24. g3 Nxg3 25. Ng2 Qg5 26. fxg3 fxg4 27. h4 Qd5 28.
Qc2 Bxg3 29. axb5 Rf2 30. Rd2 Rcf8 31. bxa6 Ba8 32. Qc3 Qf7 33. Qc2 0-1

[Event "World Rapid Team 2023"]
[Site "Dusseldorf GER"]
[Date "2023.08.28"]
[Round "10.17"]
[Board "2"]
[White "Schulz-Knappe, Florian"]
[Black "Perossa, Nicolas"]
[Result "0-1"]
[WhiteElo "2137"]
[BlackElo "2265"]
[WhiteTeam "Neustadt Weinstrasse"]
[BlackTeam "Mitropa Chess Association"]
[WhiteFideId "4627580"]
[BlackFideId "2850520"]
[EventDate "2023.08.26"]

1. d4 Nf6 2. Nf3 d6 3. Nc3 Nbd7 4. g3 e5 5. Bg2 Be7 6. O-O c6 7. e4 Qc7 8. a4 a5
9. Re1 Nf8 10. b3 Bg4 11. d5 cxd5 12. Nxd5 Nxd5 13. Qxd5 Nd7 14. Be3 Be6 15. Qb5
O-O 16. Nd2 Nf6 17. Rac1 Ra6 18. h3 Rc6 19. Qd3 Rc3 20. Qb5 Rc8 21. Bb6 Qd7 22.
Bxa5 Rxc2 23. Rxc2 Rxc2 24. Qxd7 Nxd7 25. Bf1 Nc5 26. Rb1 f5 27. exf5 Bxf5 28.
Bc4+ Rxc4 29. bxc4 Bxb1 30. Nxb1 Nxa4 31. Nd2 Kf7 32. Kf1 Ke6 33. Ke2 Nc5 34. f3
d5 35. Bb6 Nd7 36. Bf2 dxc4 37. Nxc4 b5 38. Nb2 Bc5 39. Be1 Kd5 40. Kd3 Bd4 41.
Kc2 Bxb2 42. Kxb2 Kc4 43. f4 exf4 44. gxf4 g6 45. Bf2 Nf6 46. Bh4 Nd5 47. Bg3
Kd4 0-1